[Event "XXVIII Festival Conca della Presolana A"]
[Site "Bratto - Castione della Presolana ITA"]
[Date "2008.08.22"]
[Round "1"]
[White "Andreoli, Renato"]
[Black "Jaracz, Pawel"]
[Result "0-1"]
[WhiteElo "2139"]
[BlackElo "2501"]
[PlyCount "82"]
[EventDate "2008.08.22"]

1. Nf3 d5 2. g3 g6 3. Bg2 Bg7 4. d4 c6 5. O-O Nf6 6. Bf4 O-O 7. Nbd2 Qb6 8. Qc1
Bg4 9. h3 Bxf3 10. Nxf3 Nbd7 11. Rd1 Rfe8 12. c4 Rac8 13. c5 Qd8 14. b4 Ne4 15.
a4 b6 16. Ne5 Nef6 17. b5 Nxe5 18. dxe5 Nh5 19. bxc6 Nxf4 20. gxf4 e6 21. e4
Rxc6 22. exd5 Rxc5 23. Qd2 exd5 24. Bxd5 Qh4 25. Ra3 Rf8 26. Rg3 Kh8 27. Kg2
Bh6 28. Rg4 Qe7 29. Bb3 Qb7+ 30. Kh2 Qe4 31. Rh4 Bg7 32. Qd3 Rxe5 33. Qxe4 Rxe4
34. Rd7 f5 35. Rxa7 h5 36. Rb7 Rb4 37. Bd5 Kh7 38. Bc6 Kh6 39. Bb5 Bf6 40. Kg3
Rb3+ 41. f3 Rb2 0-1

[Event "XXVIII Festival Conca della Presolana A"]
[Site "Bratto - Castione della Presolana ITA"]
[Date "2008.08.22"]
[Round "1"]
[White "Angelini, Marco"]
[Black "Di Fonzo, Valerio"]
[Result "0-1"]
[WhiteElo "1987"]
[BlackElo "2212"]
[PlyCount "80"]
[EventDate "2008.08.22"]

1. e4 e5 2. Nf3 Nc6 3. Bb5 a6 4. Ba4 Nf6 5. O-O Nxe4 6. Re1 Nc5 7. Bxc6 dxc6 8.
d4 Ne6 9. dxe5 Qxd1 10. Rxd1 Be7 11. Be3 Bd7 12. Nc3 O-O-O 13. Ne4 h6 14. Rd2
c5 15. Rad1 Bc6 16. Ng3 Rxd2 17. Rxd2 Rd8 18. Kf1 Bf8 19. Rxd8+ Kxd8 20. Nd2
Nd4 21. Nb3 Nxc2 22. Bxc5 Bxc5 23. Nxc5 b6 24. Nb3 g6 25. Ne2 Bb5 26. Nbc1 Kd7
27. f4 Ne3+ 28. Kf2 Nd1+ 29. Kf3 Bc6+ 30. Kg3 Nxb2 31. Nd4 Be4 32. Nce2 c5 33.
Nc3 Bxg2 34. Kxg2 cxd4 35. Ne4 d3 36. Kf2 Nd1+ 37. Kf3 Ke6 38. h4 a5 39. a3 Nb2
40. Nd2 Kd5 0-1

[Event "XXVIII Festival Conca della Presolana A"]
[Site "Bratto - Castione della Presolana ITA"]
[Date "2008.08.22"]
[Round "1"]
[White "Astengo, Corrado"]
[Black "Colovic, Aleksandar"]
[Result "0-1"]
[WhiteElo "2121"]
[BlackElo "2470"]
[PlyCount "82"]
[EventDate "2008.08.22"]

1. e4 c5 2. Nf3 e6 3. d4 cxd4 4. Nxd4 Nc6 5. Nc3 Qc7 6. Be3 a6 7. Bd3 Nf6 8.
Nxc6 bxc6 9. f4 Rb8 10. Rb1 d5 11. exd5 exd5 12. Qe2 Be7 13. Bc5 O-O 14. Bxe7
Re8 15. O-O Rxe7 16. Qf2 c5 17. Rfe1 c4 18. Rxe7 Qxe7 19. Re1 Qd6 20. Bf1 Bf5
21. Qd4 Bxc2 22. Bxc4 Qb4 23. Qd2 Qxc4 24. Qxc2 Qxf4 25. Qe2 h5 26. Rf1 Qb4 27.
Qxa6 Qd4+ 28. Kh1 Rxb2 29. Qc8+ Kh7 30. h3 Qe5 31. Qf5+ Qxf5 32. Rxf5 Kg6 33.
Re5 d4 34. Ne2 Rb4 35. Nf4+ Kh6 36. Rf5 Rb1+ 37. Kh2 Rf1 38. g3 d3 39. Rxf6+
gxf6 40. Nxd3 Rf3 41. Nb4 h4 0-1

[Event "XXVIII Festival Conca della Presolana A"]
[Site "Bratto - Castione della Presolana ITA"]
[Date "2008.08.22"]
[Round "1"]
[White "Bassis, Ivano"]
[Black "De Santis, Alessio"]
[Result "0-1"]
[WhiteElo "2021"]
[BlackElo "2295"]
[PlyCount "54"]
[EventDate "2008.08.22"]

1. e4 c5 2. Nf3 e6 3. d3 Nc6 4. g3 h5 5. Bg2 Be7 6. h4 Nf6 7. Bg5 d6 8. Nbd2 e5
9. a4 Bg4 10. c3 Qd7 11. Qc2 O-O 12. O-O Rad8 13. Nc4 Nh7 14. Bxe7 Nxe7 15. Nh2
Be6 16. Qe2 Nf6 17. Nf3 Bh3 18. Ng5 Bxg2 19. Kxg2 Ng6 20. Ne3 d5 21. Rfd1 d4
22. Nc4 Ng4 23. f3 Nh6 24. Nh3 f5 25. cxd4 cxd4 26. b4 f4 27. gxf4 Qxh3+ 0-1

[Event "XXVIII Festival Conca della Presolana A"]
[Site "Bratto - Castione della Presolana ITA"]
[Date "2008.08.22"]
[Round "1"]
[White "Bellavita, Guido"]
[Black "Spassov, Liuben D."]
[Result "0-1"]
[WhiteElo "2101"]
[BlackElo "2428"]
[PlyCount "80"]
[EventDate "2008.08.22"]

1. c4 b6 2. b3 Bb7 3. Bb2 e6 4. e3 Nf6 5. Nf3 c5 6. Be2 Be7 7. O-O O-O 8. d4
cxd4 9. Nxd4 a6 10. Nc3 Qc7 11. Bf3 Rc8 12. Rc1 d6 13. Bxb7 Qxb7 14. Qf3 Nc6
15. Nxc6 Rxc6 16. Rfd1 Rac8 17. Rd2 b5 18. cxb5 axb5 19. Rdc2 d5 20. Qe2 b4 21.
Na4 Ne4 22. f3 Nd6 23. Rxc6 Rxc6 24. Qd2 Nf5 25. Rxc6 Qxc6 26. Qc1 Qa6 27. e4
dxe4 28. fxe4 Qa7+ 29. Kh1 Nd6 30. Qf4 Qa8 31. e5 Nf5 32. Qf3 Qd8 33. Qe2 h5
34. Bc1 Qd4 35. Bb2 Qh4 36. Kg1 Bg5 37. g3 Qh3 38. Qg2 Qg4 39. h3 Qd1+ 40. Kh2
h4 0-1

[Event "XXVIII Festival Conca della Presolana A"]
[Site "Bratto - Castione della Presolana ITA"]
[Date "2008.08.22"]
[Round "1"]
[White "Bellia, Fabrizio"]
[Black "D'Apa, Matteo"]
[Result "1-0"]
[WhiteElo "2403"]
[BlackElo "2095"]
[PlyCount "103"]
[EventDate "2008.08.22"]

1. e4 e5 2. Nf3 Nc6 3. Bc4 Bc5 4. c3 Nf6 5. d3 h6 6. O-O d6 7. Nbd2 O-O 8. Bb3
Kh8 9. Nc4 Bg4 10. Ne3 Bxe3 11. Bxe3 d5 12. Bc5 Re8 13. Qe2 dxe4 14. dxe4 Nd7
15. Be3 f5 16. h3 Bh5 17. g4 fxg4 18. Nh2 Nf6 19. hxg4 Bg6 20. f3 Nh7 21. Kg2
Qf6 22. Qb5 Rab8 23. Rad1 a6 24. Qc4 Ng5 25. Rd7 Ne6 26. Qe2 Re7 27. Rxe7 Qxe7
28. Rd1 Rd8 29. Bd5 Be8 30. Kh1 Nf4 31. Qe1 Qf6 32. Bc4 Rxd1 33. Qxd1 Bf7 34.
Bxf7 Qxf7 35. b3 Kh7 36. Nf1 Qf6 37. Bf2 Nh3 38. Bg3 Ng5 39. Kg2 Ne7 40. Ne3
Qe6 41. Qd3 Qd6 42. Qe2 b5 43. Qc2 Kh8 44. Qd1 Qc5 45. Qd3 Ne6 46. b4 Qc6 47.
Kf2 Ng6 48. Qd5 Qxd5 49. Nxd5 Ngf4 50. Ne7 Nf8 51. Nc6 Nd7 52. Nxe5 1-0

[Event "XXVIII Festival Conca della Presolana A"]
[Site "Bratto - Castione della Presolana ITA"]
[Date "2008.08.22"]
[Round "1"]
[White "Bentivegna, Francesco"]
[Black "Ranfagni, Stefano"]
[Result "0-1"]
[WhiteElo "2329"]
[BlackElo "2049"]
[PlyCount "100"]
[EventDate "2008.08.22"]

1. d4 e6 2. Nc3 d5 3. Nf3 f5 4. Bf4 Nf6 5. Nb5 Na6 6. e3 c6 7. Nc3 Nc7 8. Ne5
Bd6 9. Bd3 O-O 10. h3 Ne4 11. O-O Ne8 12. Nxe4 fxe4 13. Be2 Nf6 14. c4 Bb8 15.
b4 Nd7 16. Nxd7 Bxd7 17. Bxb8 Rxb8 18. Qb3 Qg5 19. Kh2 Rf6 20. f4 exf3 21. Rxf3
Rxf3 22. gxf3 Qh4 23. Rg1 e5 24. Rg3 Bxh3 25. Rxh3 Qf2+ 26. Kh1 Qe1+ 27. Kg2
Qxe2+ 28. Kg1 dxc4 29. Qc3 Rd8 30. Rh2 exd4 31. exd4 Qd1+ 32. Kg2 Qxd4 33. Qc2
Qd2+ 34. Kg3 Qxc2 35. Rxc2 b5 36. a4 Rd3 37. axb5 cxb5 38. Ra2 Rd7 39. Kf4 c3
40. Rc2 Rd4+ 41. Ke5 Rc4 42. f4 h5 43. f5 h4 44. f6 gxf6+ 45. Kxf6 h3 46. Re2
Rc6+ 47. Ke7 c2 48. Kd7 c1=Q 49. Re8+ Kg7 50. Re7+ Kg6 0-1

[Event "XXVIII Festival Conca della Presolana A"]
[Site "Bratto - Castione della Presolana ITA"]
[Date "2008.08.22"]
[Round "1"]
[White "Bertagia, Roldano"]
[Black "Damia, Angelo"]
[Result "0-1"]
[WhiteElo "2019"]
[BlackElo "2247"]
[PlyCount "54"]
[EventDate "2008.08.22"]

1. e4 c5 2. Nf3 a6 3. c3 d6 4. d4 cxd4 5. cxd4 e6 6. Be2 Nf6 7. Nc3 b5 8. Bg5
Be7 9. a3 Bb7 10. Qd3 d5 11. e5 Ne4 12. Bxe7 Qxe7 13. O-O Nd7 14. Nd2 Nxd2 15.
Qxd2 O-O 16. Bd3 Nb6 17. f4 Nc4 18. Qe2 f5 19. exf6 Qxf6 20. Kh1 Qxd4 21. Qxe6+
Kh8 22. Rf3 Rae8 23. Qh3 h6 24. Bg6 Re7 25. Raf1 Nd2 26. Rd3 Qf2 27. Rg1 Re1
0-1

[Event "XXVIII Festival Conca della Presolana A"]
[Site "Bratto - Castione della Presolana ITA"]
[Date "2008.08.22"]
[Round "1"]
[White "Boccalatte, Piero"]
[Black "Ranieri, Fabrizio"]
[Result "0-1"]
[WhiteElo "2011"]
[BlackElo "2245"]
[PlyCount "76"]
[EventDate "2008.08.22"]

1. d4 e6 2. c4 d5 3. Nc3 Nf6 4. Bg5 Nbd7 5. e3 Be7 6. Nf3 c6 7. Bd3 a6 8. a4
O-O 9. O-O Re8 10. h3 Nf8 11. Ne5 N6d7 12. Bxe7 Qxe7 13. f4 Qb4 14. Qe2 c5 15.
Ra3 Rb8 16. Na2 Qb6 17. dxc5 Qxc5 18. b4 Qe7 19. Nxd7 Bxd7 20. Qb2 dxc4 21.
Bxc4 Rbc8 22. Be2 Bc6 23. b5 axb5 24. axb5 Bd5 25. Nc3 Bc4 26. Rc1 Red8 27.
Bxc4 Rxc4 28. Ne2 Rxc1+ 29. Qxc1 e5 30. Ra2 Qb4 31. Rb2 Qe4 32. Kf2 Ne6 33. Ng3
Qd5 34. Nf5 Qd3 35. Ng3 exf4 36. exf4 Qd4+ 37. Kf3 Qd5+ 38. Kf2 Nc5 0-1

[Event "XXVIII Festival Conca della Presolana A"]
[Site "Bratto - Castione della Presolana ITA"]
[Date "2008.08.22"]
[Round "1"]
[White "Bonazzi, Edoardo"]
[Black "Levin, Felix"]
[Result "1/2-1/2"]
[WhiteElo "2163"]
[BlackElo "2564"]
[PlyCount "155"]
[EventDate "2008.08.22"]

1. Nf3 Nf6 2. c4 e6 3. g3 d5 4. b3 Be7 5. Bg2 O-O 6. O-O b6 7. e3 Bb7 8. Bb2
dxc4 9. bxc4 c5 10. Nc3 Nc6 11. Ne1 Qc7 12. Qe2 Ne8 13. d3 Nd6 14. f4 a6 15.
Rb1 b5 16. Ba1 b4 17. Ne4 Nxe4 18. Bxe4 f5 19. Bg2 Bf6 20. Bxf6 Rxf6 21. Nf3
Rd8 22. Rfd1 Na5 23. Ne5 Rff8 24. h4 Bxg2 25. Qxg2 Rd6 26. Qc2 Nc6 27. d4 cxd4
28. Nxc6 Qxc6 29. exd4 Rfd8 30. Rxb4 Rxd4 31. Rxd4 Rxd4 32. Qa4 Qa8 33. Qb3 Qe4
34. Rb8+ Kf7 35. Qb7+ Kg6 36. Qxe4 Rxe4 37. Rb6 a5 38. Ra6 Kh5 39. Rxa5 Kg4 40.
Ra3 Rxc4 41. Re3 Rc2 42. a3 Ra2 43. Kf1 h6 44. Ke1 e5 45. fxe5 f4 46. gxf4 Kxf4
47. Re2 Rxa3 48. e6 Ra1+ 49. Kf2 Ra8 50. Rb2 Kf5 51. Rb7 Rg8 52. e7 Re8 53. Kg3
Kf6 54. Kg4 Rxe7 55. Rb6+ Kf7 56. Rb4 Re5 57. Rb7+ Kf6 58. Rb6+ Re6 59. Rb4 Rc6
60. Ra4 Rd6 61. Rb4 g6 62. Ra4 Ke5 63. Ra5+ Rd5 64. Ra6 Rd4+ 65. Kg3 Rd3+ 66.
Kg2 Rd6 67. Ra5+ Rd5 68. Ra6 Rd6 69. Ra5+ Kf6 70. Rb5 h5 71. Ra5 Rd2+ 72. Kg3
Rd3+ 73. Kg2 Re3 74. Kf2 Re5 75. Rxe5 Kxe5 76. Ke3 Kf5 77. Kf3 Ke5 78. Ke3
1/2-1/2

[Event "XXVIII Festival Conca della Presolana A"]
[Site "Bratto - Castione della Presolana ITA"]
[Date "2008.08.22"]
[Round "1"]
[White "Brun, Dario"]
[Black "Zilahi, Gabor"]
[Result "1-0"]
[WhiteElo "2245"]
[BlackElo "2013"]
[PlyCount "71"]
[EventDate "2008.08.22"]

1. d4 c6 2. c4 d5 3. Nc3 Nf6 4. Nf3 a6 5. c5 Nbd7 6. Bf4 Nh5 7. Bd2 e5 8. Nxe5
Nxe5 9. dxe5 Bxc5 10. e4 g6 11. exd5 cxd5 12. Be2 Ng7 13. O-O Be6 14. Bf3 Nf5
15. g3 h5 16. Bh1 Rc8 17. Qa4+ Rc6 18. Qf4 Be7 19. Qf3 Nd4 20. Qd3 Bc5 21. Be3
Bf5 22. Qd1 Nc2 23. Bxc5 Rxc5 24. Rc1 Nb4 25. Qa4+ Nc6 26. Nxd5 Rxc1 27. Rxc1
O-O 28. Nf6+ Kg7 29. Bxc6 bxc6 30. Qxc6 Qd4 31. Qc3 Qa7 32. e6 Kh6 33. Nd7 Re8
34. exf7 Qxd7 35. fxe8=Q Qxe8 36. Qe3+ 1-0

[Event "XXVIII Festival Conca della Presolana A"]
[Site "Bratto - Castione della Presolana ITA"]
[Date "2008.08.22"]
[Round "1"]
[White "Brunello, Sabino"]
[Black "Pagnoncelli, Marco"]
[Result "1-0"]
[WhiteElo "2482"]
[BlackElo "2126"]
[PlyCount "69"]
[EventDate "2008.08.22"]

1. d4 Nf6 2. c4 c5 3. d5 b5 4. cxb5 a6 5. bxa6 Bxa6 6. Nc3 d6 7. g3 g6 8. Nf3
Bg7 9. Bg2 Nbd7 10. Rb1 O-O 11. O-O Qa5 12. Bd2 Rfb8 13. Qc2 Nb6 14. b3 Qa3 15.
Bc1 Qa5 16. Rd1 Nfd7 17. Bb2 Bb7 18. a3 Qa6 19. e4 c4 20. Bf1 Nc5 21. Nd2 Nxb3
22. Nxb3 cxb3 23. Qxb3 Qa5 24. Nb5 Na4 25. Bxg7 Kxg7 26. Rd4 Nc5 27. Qb2 f6 28.
Rb4 Na6 29. Rc4 Nc5 30. e5 fxe5 31. Rxc5 dxc5 32. Qxe5+ Kg8 33. Bc4 Qa4 34.
Qe6+ Kh8 35. d6 1-0

[Event "XXVIII Festival Conca della Presolana A"]
[Site "Bratto - Castione della Presolana ITA"]
[Date "2008.08.22"]
[Round "1"]
[White "Burmakin, Vladimir"]
[Black "Scotti, Umberto"]
[Result "1-0"]
[WhiteElo "2625"]
[BlackElo "2172"]
[PlyCount "97"]
[EventDate "2008.08.22"]

1. d4 d5 2. Nf3 Nf6 3. g3 Bf5 4. Nh4 Bg4 5. h3 Bh5 6. g4 Bg6 7. Nxg6 hxg6 8.
Bg2 e6 9. c4 Be7 10. Nc3 c6 11. Qb3 Qb6 12. Bf4 O-O 13. cxd5 cxd5 14. e3 Nc6
15. O-O Rfc8 16. Qxb6 axb6 17. Rfc1 Na5 18. Nb5 Ne8 19. e4 dxe4 20. Bxe4 Nf6
21. Bg2 Nc6 22. Bc7 Bd8 23. Bxd8 Rxd8 24. Bxc6 bxc6 25. Rxc6 Nd5 26. a4 Rdc8
27. Rxc8+ Rxc8 28. a5 bxa5 29. Rxa5 Rc2 30. Nd6 Kf8 31. Ra7 f6 32. Rf7+ Kg8 33.
Rb7 g5 34. b4 Nf4 35. b5 Nxh3+ 36. Kh2 Nf4 37. b6 Rxf2+ 38. Kg1 Nh3+ 39. Kh1 f5
40. Rb8+ Kh7 41. b7 Rb2 42. Ra8 Nf2+ 43. Kg1 Ne4 44. Nxe4 Rxb7 45. Nxg5+ Kg6
46. Nxe6 fxg4 47. Rf8 Rd7 48. Kf2 Rd6 49. d5 1-0

[Event "XXVIII Festival Conca della Presolana A"]
[Site "Bratto - Castione della Presolana ITA"]
[Date "2008.08.22"]
[Round "1"]
[White "Carrara, Diego"]
[Black "Piasetski, Leon David"]
[Result "0-1"]
[WhiteElo "2043"]
[BlackElo "2314"]
[PlyCount "62"]
[EventDate "2008.08.22"]

1. Nc3 c5 2. Nf3 Nc6 3. d4 cxd4 4. Nxd4 g6 5. e4 Bg7 6. Nb3 Bxc3+ 7. bxc3 Nf6
8. Bd3 d5 9. exd5 Qxd5 10. O-O Bf5 11. c4 Qd7 12. Bb2 O-O-O 13. Bxf5 Qxf5 14.
Qe2 Rhe8 15. a3 Qe4 16. Rfe1 Qxe2 17. Rxe2 Nd7 18. Ree1 Nb6 19. c5 Nc4 20. Bc1
f5 21. f4 Rd5 22. Kf2 a5 23. a4 Kd7 24. g3 Nb4 25. Kg2 e6 26. h4 h5 27. Kh3 Na6
28. Be3 e5 29. Nd2 Nxe3 30. c4 Rd3 31. Nf3 exf4 0-1

[Event "XXVIII Festival Conca della Presolana A"]
[Site "Bratto - Castione della Presolana ITA"]
[Date "2008.08.22"]
[Round "1"]
[White "Cordara, Michele"]
[Black "Sax, Gyula"]
[Result "0-1"]
[WhiteElo "2146"]
[BlackElo "2506"]
[PlyCount "52"]
[EventDate "2008.08.22"]

1. Nf3 Nf6 2. c4 e6 3. b3 a6 4. g3 b5 5. Bg2 Bb7 6. O-O Be7 7. a4 bxc4 8. bxc4
Nc6 9. a5 Nb4 10. Nc3 c5 11. d4 cxd4 12. Nxd4 Bxg2 13. Kxg2 Qc7 14. Kg1 O-O 15.
Bb2 Rab8 16. Qd2 Qxc4 17. Rfc1 Qc5 18. e4 Qh5 19. Re1 Ng4 20. Nf3 Bc5 21. Nd1
Nxf2 22. Bd4 Nfd3 23. Re3 Bxd4 24. Nxd4 Ne5 25. Rb3 Nbc6 26. Rc3 Nxd4 0-1

[Event "XXVIII Festival Conca della Presolana A"]
[Site "Bratto - Castione della Presolana ITA"]
[Date "2008.08.22"]
[Round "1"]
[White "David, Alberto"]
[Black "Cugini, Verter"]
[Result "1/2-1/2"]
[WhiteElo "2568"]
[BlackElo "2167"]
[PlyCount "131"]
[EventDate "2008.08.22"]

1. e4 e6 2. d4 d5 3. Nc3 Nf6 4. e5 Ne4 5. Bd3 Nxc3 6. bxc3 c5 7. Nh3 Qa5 8. Bd2
cxd4 9. cxd4 Bb4 10. Bxb4 Qxb4+ 11. Qd2 Qxd2+ 12. Kxd2 Nc6 13. Bb5 Ke7 14. Bxc6
bxc6 15. Rab1 Ba6 16. Rb4 Rhc8 17. Rhb1 Rc7 18. Nf4 Bb5 19. Nh5 g6 20. Nf6 h5
21. a4 a5 22. R4b2 Bxa4 23. c4 dxc4 24. Rb8 Rc8 25. R1b7+ Kf8 26. Nd7+ Kg7 27.
Rxa8 Rxa8 28. Nb6 Rd8 29. Nxa4 Rxd4+ 30. Ke3 Rd3+ 31. Ke4 Rd2 32. Rb2 c3 33.
Rxd2 cxd2 34. Nc3 g5 35. Kd3 Kg6 36. Kxd2 Kf5 37. Kd3 Kxe5 38. Kc4 h4 39. Kd3
f5 40. Kc4 Kd6 41. Na4 g4 42. Kd4 e5+ 43. Kc4 f4 44. Nc5 Kc7 45. Ne4 Kd8 46.
Nf6 g3 47. fxg3 hxg3 48. hxg3 fxg3 49. Ne4 Ke7 50. Nc5 Kf6 51. Kd3 Kf5 52. Ke3
e4 53. Kd4 Kf4 54. Nxe4 a4 55. Nc3 c5+ 56. Kd3 a3 57. Ne2+ Ke5 58. Kc2 c4 59.
Nxg3 Kf4 60. Nf1 Kg4 61. Kc3 Kf4 62. Kc2 Kg4 63. Kc3 Kf4 64. Kc2 Kg4 65. Ne3+
Kg3 66. Nxc4 1/2-1/2

[Event "XXVIII Festival Conca della Presolana A"]
[Site "Bratto - Castione della Presolana ITA"]
[Date "2008.08.22"]
[Round "1"]
[White "De Filomeno, Simone"]
[Black "Borgo, Giulio"]
[Result "0-1"]
[WhiteElo "2102"]
[BlackElo "2442"]
[PlyCount "97"]
[EventDate "2008.08.22"]

1. e4 c5 2. Nf3 e6 3. d4 cxd4 4. Nxd4 Nc6 5. Nc3 d6 6. g3 Nge7 7. Nde2 a6 8.
Bg2 Bd7 9. O-O Nc8 10. Be3 Be7 11. f4 O-O 12. Qd2 Qc7 13. Rad1 b5 14. a3 Nb6
15. b3 Rac8 16. Kh1 Rfd8 17. g4 Bf8 18. g5 d5 19. Bxb6 Qxb6 20. exd5 Ne7 21.
Qc1 Nxd5 22. Nxd5 exd5 23. Nd4 Bc5 24. Qb2 Bg4 25. Rd2 Bxd4 26. Qxd4 Qxd4 27.
Rxd4 Rxc2 28. Bxd5 Kf8 29. Be4 Rxh2+ 30. Kxh2 Rxd4 31. Bb7 a5 32. Ba6 Bd7 33.
Rf3 Ke7 34. Kg3 Kd6 35. Rc3 Bc6 36. Bc8 Be4 37. Ba6 Rd3+ 38. Rxd3+ Bxd3 39. Kf3
Kc5 40. a4 Bc2 41. Bxb5 Bxb3 42. Ke4 Kb4 43. Be8 g6 44. Kd3 Bxa4 45. Bxf7 Bb3
46. Be8 a4 47. Kd2 a3 48. Kc1 Kc3 49. Bd7 0-1

[Event "XXVIII Festival Conca della Presolana A"]
[Site "Bratto - Castione della Presolana ITA"]
[Date "2008.08.22"]
[Round "1"]
[White "De Haan, Eric"]
[Black "Oppici, Gabriele"]
[Result "1-0"]
[WhiteElo "2356"]
[BlackElo "2055"]
[PlyCount "113"]
[EventDate "2008.08.22"]

1. d4 Nc6 2. c4 e5 3. d5 Bb4+ 4. Nd2 Nce7 5. a3 Bxd2+ 6. Bxd2 d6 7. e4 Nf6 8.
f3 O-O 9. Ne2 c6 10. Nc3 Ne8 11. Be2 f5 12. Be3 fxe4 13. fxe4 Ng6 14. g3 Nf6
15. h3 cxd5 16. cxd5 Bd7 17. Qb3 Qe7 18. O-O-O b5 19. Kb1 a5 20. Bxb5 Bxb5 21.
Qxb5 Rfb8 22. Qd3 Rb3 23. Rh2 Rab8 24. Ka1 Qb7 25. Rdd2 Nd7 26. Qc2 Rc8 27. Ka2
a4 28. Rd3 Qa6 29. Ka1 Qc4 30. Qe2 Rcb8 31. Qd1 Qa6 32. Rdd2 Ngf8 33. Qe2 Qa5
34. Qc4 R8b7 35. Rhe2 Nb6 36. Qc6 Rb8 37. Bxb6 R8xb6 38. Qxa4 Qc5 39. Nb1 Qc1
40. Rc2 Qd1 41. Red2 Qe1 42. Rf2 Rb8 43. Ka2 h6 44. h4 Nh7 45. Qxb3 Rxb3 46.
Rc8+ Nf8 47. Rfxf8+ Kh7 48. h5 Rxb2+ 49. Kxb2 Qe2+ 50. Ka1 Qxh5 51. Rh8+ Kg6
52. Rcd8 Qd1 53. Rxd6+ Kh5 54. Rc6 Qd4+ 55. Nc3 Qg1+ 56. Kb2 Qf2+ 57. Kb3 1-0

[Event "XXVIII Festival Conca della Presolana A"]
[Site "Bratto - Castione della Presolana ITA"]
[Date "2008.08.22"]
[Round "1"]
[White "Drazic, Sinisa"]
[Black "Bernardi, Ruben"]
[Result "1/2-1/2"]
[WhiteElo "2505"]
[BlackElo "2140"]
[PlyCount "80"]
[EventDate "2008.08.22"]

1. b4 e5 2. Bb2 f6 3. e4 Bxb4 4. Bc4 Qe7 5. Nc3 c6 6. Qh5+ g6 7. Qh4 d6 8. f4
Be6 9. Bb3 Nd7 10. Nge2 O-O-O 11. O-O h5 12. Kh1 g5 13. fxg5 fxg5 14. Qf2 Kb8
15. d4 Ngf6 16. Bxe6 Qxe6 17. a3 Ba5 18. dxe5 dxe5 19. Qf5 Qc4 20. Rad1 Rhf8
21. Qxg5 Ng4 22. Qxh5 Nf2+ 23. Rxf2 Rxf2 24. h3 Qg8 25. Rg1 Qg7 26. Nd1 Rf7 27.
Ne3 Rf2 28. Ng4 Rh8 29. Qxh8+ Qxh8 30. Nxf2 Bb6 31. Rd1 Bxf2 32. Rxd7 Kc8 33.
Rf7 Bb6 34. Rf5 Qh4 35. Bc3 Qxe4 36. Rxe5 Qxc2 37. h4 Bc7 38. Re8+ Kd7 39. Re3
Bb6 40. Re5 Bc7 1/2-1/2

[Event "XXVIII Festival Conca della Presolana A"]
[Site "Bratto - Castione della Presolana ITA"]
[Date "2008.08.22"]
[Round "1"]
[White "Efimov, Igor"]
[Black "De Florio, Federico"]
[Result "1/2-1/2"]
[WhiteElo "2458"]
[BlackElo "2106"]
[PlyCount "82"]
[EventDate "2008.08.22"]

1. d4 d5 2. c4 e6 3. Nf3 Nf6 4. Bg5 Be7 5. Nc3 c6 6. e3 Nbd7 7. Qc2 O-O 8. a3
Re8 9. h3 a6 10. cxd5 exd5 11. Bd3 h6 12. Bf4 Nf8 13. O-O Ne6 14. Be5 Ng5 15.
Nd2 Bd6 16. f4 Ne6 17. Nf3 Qe7 18. g4 Nf8 19. Rae1 Bd7 20. Qg2 Rad8 21. g5 hxg5
22. Nxg5 Bc8 23. e4 dxe4 24. Ncxe4 Bxe5 25. fxe5 Nxe4 26. Rxe4 Be6 27. Ref4 Rd7
28. Ne4 Bd5 29. Qg4 Bxe4 30. Rxe4 Qe6 31. Qh5 Qg6+ 32. Qxg6 Nxg6 33. Bc4 Nf8
34. Kf2 Ne6 35. Ke3 Red8 36. Bxe6 fxe6 37. b4 a5 38. Rb1 axb4 39. Rxb4 Ra8 40.
a4 Ra5 41. Rg4 c5 1/2-1/2

[Event "XXVIII Festival Conca della Presolana A"]
[Site "Bratto - Castione della Presolana ITA"]
[Date "2008.08.22"]
[Round "1"]
[White "Fierro Baquero, Martha Lorena"]
[Black "Mazzariol, Oscar"]
[Result "1-0"]
[WhiteElo "2379"]
[BlackElo "2080"]
[PlyCount "72"]
[EventDate "2008.08.22"]

1. e4 c5 2. Nc3 Nc6 3. Bb5 g6 4. Bxc6 dxc6 5. d3 Bg7 6. Be3 b6 7. Qd2 Nf6 8.
Bh6 O-O 9. h4 Bxh6 10. Qxh6 Qd6 11. O-O-O Ng4 12. Qd2 Qd4 13. Nh3 Qg7 14. f3
Ne5 15. h5 h6 16. f4 Bxh3 17. Rxh3 Ng4 18. Qe2 Nf6 19. hxg6 fxg6 20. g4 e6 21.
Rg1 Rae8 22. Qh2 Kh7 23. e5 Nd5 24. Nxd5 cxd5 25. Rh1 h5 26. Kb1 Qf7 27. Rf3
Re7 28. gxh5 g5 29. Rhf1 g4 30. Rg3 Qf5 31. a3 Ref7 32. Qh4 Kh6 33. Rxg4 Rg7
34. Rxg7 Kxg7 35. Rg1+ Kh7 36. Qg3 Rf7 1-0

[Event "XXVIII Festival Conca della Presolana A"]
[Site "Bratto - Castione della Presolana ITA"]
[Date "2008.08.22"]
[Round "1"]
[White "Galli, Fabio"]
[Black "Qendro, Llambi"]
[Result "0-1"]
[WhiteElo "2070"]
[BlackElo "2375"]
[PlyCount "60"]
[EventDate "2008.08.22"]

1. e4 g6 2. d4 Bg7 3. g3 d5 4. e5 f6 5. exf6 Nxf6 6. Bg2 Nc6 7. Ne2 e5 8. c3
O-O 9. O-O Bg4 10. f3 Bf5 11. dxe5 Nxe5 12. Nd4 Qd7 13. Nxf5 Qxf5 14. Na3 Rfe8
15. g4 Qd3 16. Bf4 c6 17. Re1 Nfd7 18. Re3 Qxd1+ 19. Rxd1 Bf8 20. Nc2 Bc5 21.
Nd4 Nc4 22. Rxe8+ Rxe8 23. b3 Na3 24. Kf1 Nf8 25. g5 Bxd4 26. Rxd4 Ne6 27. Ra4
Nb5 28. Bc1 Nxc3 29. Rxa7 Nc5 30. a4 Nd3 0-1

[Event "XXVIII Festival Conca della Presolana A"]
[Site "Bratto - Castione della Presolana ITA"]
[Date "2008.08.22"]
[Round "1"]
[White "Gallucci, Alessio"]
[Black "Godena, Michele"]
[Result "0-1"]
[WhiteElo "2152"]
[BlackElo "2519"]
[PlyCount "76"]
[EventDate "2008.08.22"]

1. e4 e5 2. Nf3 Nc6 3. d4 exd4 4. Nxd4 Bc5 5. Be3 Qf6 6. c3 Nge7 7. Nc2 d6 8.
Nd2 Be6 9. Qf3 Bxe3 10. Nxe3 Qh6 11. Bb5 O-O 12. g4 Ng6 13. Qg3 Qf4 14. Nd5
Nce5 15. Rg1 Qxg3 16. Rxg3 Nf4 17. O-O-O g6 18. h3 Bd7 19. Ne7+ Kg7 20. Nd5
Nxd5 21. Bxd7 Nf4 22. Bb5 h5 23. Nf3 hxg4 24. hxg4 a6 25. Bf1 Rh8 26. Kc2 Rh1
27. Nxe5 dxe5 28. Bc4 Rxd1 29. Kxd1 Rh8 30. Rg1 Rh2 31. Ke1 Kf6 32. a4 a5 33.
b4 b6 34. Bf1 Kg5 35. Bc4 f6 36. Bf1 Rh4 37. Be2 Rh3 38. bxa5 bxa5 0-1

[Event "XXVIII Festival Conca della Presolana A"]
[Site "Bratto - Castione della Presolana ITA"]
[Date "2008.08.22"]
[Round "1"]
[White "Garano, Nicola"]
[Black "Hanly, Steven"]
[Result "1/2-1/2"]
[WhiteElo "2265"]
[BlackElo "2020"]
[PlyCount "50"]
[EventDate "2008.08.22"]

1. e4 e6 2. d4 d5 3. Nd2 dxe4 4. Nxe4 Bd7 5. Bd3 Bc6 6. Nf3 Nd7 7. Qe2 Ngf6 8.
Bd2 Nxe4 9. Bxe4 Bxe4 10. Qxe4 c6 11. O-O-O Nf6 12. Qe2 Be7 13. Kb1 Qb6 14. c4
O-O 15. g4 Bb4 16. Bc1 c5 17. g5 Nd7 18. d5 exd5 19. Rxd5 Qg6+ 20. Ka1 Rfe8 21.
Qd1 Nb6 22. Rd6 Qe4 23. b3 Bc3+ 24. Bb2 Bxb2+ 25. Kxb2 Qe2+ 1/2-1/2

[Event "XXVIII Festival Conca della Presolana A"]
[Site "Bratto - Castione della Presolana ITA"]
[Date "2008.08.22"]
[Round "1"]
[White "Griffa, Roberto"]
[Black "Piscopo, Pierluigi"]
[Result "0-1"]
[WhiteElo "2084"]
[BlackElo "2389"]
[PlyCount "60"]
[EventDate "2008.08.22"]

1. d4 Nf6 2. Bf4 g6 3. e3 Bg7 4. Nf3 d6 5. Be2 O-O 6. O-O b6 7. c4 c5 8. Nc3
Bb7 9. a3 Nbd7 10. Rc1 Nh5 11. Bg5 h6 12. Bh4 g5 13. Ne1 cxd4 14. exd4 Nf4 15.
Bg3 Nxe2+ 16. Nxe2 Nf6 17. Nc3 Rc8 18. Qa4 a6 19. Nc2 Nh5 20. Rfd1 e6 21. Qb4
a5 22. Qxd6 Rxc4 23. Ne3 Rc8 24. Nb5 Nxg3 25. hxg3 Rxc1 26. Rxc1 Ba6 27. Qxd8
Rxd8 28. Nc7 Rc8 29. Rc2 Bb7 30. d5 exd5 0-1